000 00900nam a2200229 a 4500
001 000007959
005 20240315194505.0
008 090914s1985 dr 000 0 spa d
040 _aDO-SdBNP
082 _a332.497293
_bG215s
100 1 _aGarcía Michel, Eduardo
_99281
245 1 3 _aEl sector externo y la economía dominicana /
_cEduardo García Michel ; prólogo Carlos Despradel.
260 _aSanto Domingo :
_bCentro de Estudios Monetarios y Bancarios,
_c1985.
300 _a124 p. : ;
_c22 cm.
500 _aIncluye datos biográficos del autor en la solapa de la cubierta
500 _aIncluye notas al pie de las páginas
650 4 _aCuestión monetaria
_zRepública Dominicana
_97929
650 4 _aPolitica monetaria
_zRepública Dominicana
_95998
651 4 _aRepública Dominicana
_yPOLITICA ECONÓMICA
_921772
700 1 _aDespradel, Carlos
_d1942-
_epról.
_99280
049 _aBNPD
999 _c7737
_d7737